000 01295nmc a2200469 a 4500
003 AR-BaBNM
005 20251128205443.0
008 217119s1996 ||||||||||||||000 | spa||
020 _a950-802-052-0
040 _cAR-BaBNM
110 2 _aHospital de Pediatría Profesor Doctor Juan P. Garrahan
_bServicio Social
245 1 0 _aTrabajo social hospitalario
_bpráctica y quehacer profesional
250 _a1ª ed.
260 _aBuenos Aires
_bEspacio
_c1996
300 0 _a189 p.
_bdiagr., tablas
490 0 _aCiencias sociales
504 _aContiene bibliografía al final de cada capítulo
650 4 _aTRABAJO SOCIAL
650 4 _aHOSPITALES
650 4 _aPEDIATRIA
650 4 _aNINOS
650 4 _aMEDICINA CLINICA
650 4 _aSERVICIOS DE SALUD
650 4 _aENFERMOS
650 4 _aCUIDADO DEL NINO
650 4 _aSERVICIOS SOCIALES
650 4 _aTRASPLANTE DE ORGANOS
653 0 _aSIDA
653 0 _aVOLUNTARIADO
700 1 _aBrulc, Ana M.
700 1 _aQuintana, Susana
700 1 _aHourcade, Inés
700 1 _aBravo, Enrique
700 1 _aDelfino, Virginia
700 1 _aDi Gennaro, Nilda
700 1 _aFilz, Claudia
700 1 _aIsi, Ana M.
700 1 _aOtarola, Silvia
700 1 _aSouza, Nora
942 _cBK
998 _cSILVI
999 _c11466
_d11466